| 000 | 00739nam a2200229Ia 4500 | ||
|---|---|---|---|
| 005 | 20250712182143.0 | ||
| 008 | 210303s9999 xx 000 0 und d | ||
| 020 | _a9780280352 | ||
| 040 |
_aNLN _bEnglish _eAACR2 |
||
| 050 |
_aTK411 _b.O33 |
||
| 082 | _a621.3072037 | ||
| 100 |
_aOFOREH, Emmanuel C. _eaut |
||
| 245 | 0 |
_aManagement estimating and budgeting for electrical installations / _c Emmanuel C. Oforeh |
|
| 260 |
_aLagos State : _bConsiness Nigeria, _c1998 |
||
| 300 |
_axi, 312p. : _bill, ; 24cm. |
||
| 440 | _aConstruction cost and management book series | ||
| 500 | _aBibliography: p. 69 | ||
| 563 | _a(pbk) | ||
| 650 |
_aBudget in business _932144 |
||
| 650 |
_aElectric engineering contreacts _924285 |
||
| 942 |
_cBK _n0 |
||
| 999 |
_c14988 _d14988 |
||